00526nam a22001817a 450000500170000001000150001702000260003203500140005803700130007208200100008510000200009524500720011526000380018727000520022530000290027750000200030670000180032620170821142344.0 aENG-119904 a9789386551399c195.00 aEN-103436 bDBAD/PUB a005.5 aPrice, Michael  aOffice 2016 in easy steps /cby Michael Price [and] Mike McGrathb  aNew DelhibBPB Publicationsc2017 a20 Ansari Road, Darya Ganj, bNew Delhie110002 a240p. :c23cm(pbk)bill. a Includes index aMcGrath, Mike